| 000 | 00471nam a22001577a 4500 | ||
|---|---|---|---|
| 003 | SGT | ||
| 020 | _a9789349057197 | ||
| 082 |
_a617.6342 _bT26S |
||
| 100 | _aSikri, Vimal K. | ||
| 245 |
_aTextbook of Operative Dentistry _bincluding Conservative and Restorative Dentistry |
||
| 250 | _a6th Ed. | ||
| 260 |
_aDelhi, India _bCBS Publishers & Distributers _c2026 |
||
| 300 | _a657 | ||
| 650 | _aOperative Dentistry; Endodontics; Conservative Dentistry | ||
| 942 |
_2ddc _cBK |
||
| 999 |
_c33017 _d33017 |
||